Studie ze školní pedagogiky / Hana Horká ... [et al.]
Record details
- ISBN: 978-80-210-4859-1
- Physical Description: 178 s. : il., faksim. ; 21 cm
- Edition: 1. vyd.
- Publisher: Brno : Masarykova univerzita, 2009
Content descriptions
| General Note: | Nad názvem: Masarykova univerzita, Pedagogická fakulta 200 výt. 3. dotisk 1. vyd. v roce 2015 |
| Bibliography, etc. Note: | Obsahuje bibliografie |
Search for related items by subject
| Subject: | pedagogika školní didaktika učitel a žák klima školy pedagogické dovednosti educational science classroom management teacher and learner school environment teaching skills |
| Genre: | učební texty educational texts |
Search for related items by series
Available copies
- 1 of 1 copy available at Common Catalog SPOK.
Holds
- 0 current holds with 1 total copy.
Show All Copies
| Location | Call Number / Copy Notes | Barcode | Shelving Location | Status | Due Date |
|---|---|---|---|---|---|
| Jabok Library | Ped-1.2/H
Pořízeno z projektu Škola jako místo, kde se vzdělává a žije:: CZ.07.4.68/0.0/0.0/16_037/0000325
|
424480041939 | Odborná literatura | Available | - |
Electronic resources
Version of Resource: Digitalizovaný dokument
| LDR | 02123nam a2200553 a 4500 | ||
|---|---|---|---|
| 001 | 31809 | ||
| 003 | CZ-PrJAB | ||
| 005 | 20190513085708.0 | ||
| 007 | ta | ||
| 008 | 090618s2009 xr ah e p 000 0 cze | ||
| 015 | . | ‡acnb001964249 | |
| 020 | . | ‡a978-80-210-4859-1 ‡q(brož.) | |
| 035 | . | ‡a(CZ PrNK)nkc20091964249 | |
| 035 | . | ‡a(OCoLC)433013854 | |
| 040 | . | ‡aBOA001 ‡bcze | |
| 072 | 7. | ‡a37 ‡xVýchova a vzdělávání ‡2Konspekt ‡922 | |
| 072 | 7. | ‡a37.016 ‡xUčební osnovy. Vyučovací předměty. Učebnice ‡2Konspekt ‡922 | |
| 080 | . | ‡a37.01 ‡2MRF | |
| 080 | . | ‡a373.02 ‡2MRF | |
| 080 | . | ‡a37.064.2 ‡2MRF | |
| 080 | . | ‡a37.064 ‡2MRF | |
| 080 | . | ‡a37.091.321 ‡2MRF | |
| 080 | . | ‡a(07) ‡2MRF | |
| 245 | 0 | 0. | ‡aStudie ze školní pedagogiky / ‡cHana Horká ... [et al.] |
| 250 | . | ‡a1. vyd. | |
| 260 | . | ‡aBrno : ‡bMasarykova univerzita, ‡c2009 | |
| 300 | . | ‡a178 s. : ‡bil., faksim. ; ‡c21 cm | |
| 490 | 1 | . | ‡aSborník prací Pedagogické fakulty Masarykovy univerzity ; ‡vč. 229. ‡aŘada pedagogiky a psychologie ; ‡vč. 35 |
| 500 | . | ‡aNad názvem: Masarykova univerzita, Pedagogická fakulta | |
| 500 | . | ‡a200 výt. | |
| 500 | . | ‡a3. dotisk 1. vyd. v roce 2015 | |
| 504 | . | ‡aObsahuje bibliografie | |
| 650 | 0 | 7. | ‡apedagogika ‡7ph115703 ‡2czenas |
| 650 | 0 | 7. | ‡aškolní didaktika ‡7ph116827 ‡2czenas |
| 650 | 0 | 7. | ‡aučitel a žák ‡7ph126980 ‡2czenas |
| 650 | 0 | 7. | ‡aklima školy ‡7ph249611 ‡2czenas |
| 650 | 0 | 7. | ‡apedagogické dovednosti ‡7ph157201 ‡2czenas |
| 650 | 0 | 9. | ‡aeducational science ‡2eczenas |
| 650 | 0 | 9. | ‡aclassroom management ‡2eczenas |
| 650 | 0 | 9. | ‡ateacher and learner ‡2eczenas |
| 650 | 0 | 9. | ‡aschool environment ‡2eczenas |
| 650 | 0 | 9. | ‡ateaching skills ‡2eczenas |
| 655 | 7. | ‡aučební texty ‡7fd133599 ‡2czenas | |
| 655 | 9. | ‡aeducational texts ‡2eczenas | |
| 700 | 1 | . | ‡aHorká, Hana, ‡d1949- ‡7mzk2005295002 ‡4aut |
| 710 | 2 | . | ‡aMasarykova univerzita. ‡bPedagogická fakulta ‡7kn20010709279 |
| 810 | 2 | . | ‡aMasarykova univerzita. ‡bPedagogická fakulta. ‡tSborník prací. ‡pŘada pedagogiky a psychologie |
| 856 | 4 | 1. | ‡uhttp://krameriusndk.nkp.cz/search/handle/uuid:86ace9b2-dc20-11e3-b110-005056827e51 ‡yDigitalizovaný dokument |
| 910 | . | ‡aABG312 | |
| 995 | . | ‡aska | |
| 901 | . | ‡a31809 ‡b ‡c31809 ‡tbiblio | |